000 00337nam a22001337u 4500
008 130405s1980 xxu||||| |||| 00| 0 spa d
041 _aspa
245 0 0 _aLos gitanos en la sociedad española
260 _aMadrid:
_bCaritas Española,
_c1980
300 _a333 p.
_c;19 cm.
650 0 4 _aSociología
_915857
942 _cBK
001 41132
999 _c291346
_d291346